书目信息 |
| 题名: |
花样滑冰
|
|
| 作者: | 赵雪峰 , 赵雪峰 主编 | |
| 分册: | ||
| 出版信息: | 长春 吉林文史出版社 2006 |
|
| 页数: | 187页 | |
| 开本: | 20m | |
| 丛书名: | 中外艺术精粹 | |
| 单 册: | ||
| 中图分类: | G862.2 | |
| 科图分类: | ||
| 主题词: | 花样滑冰--基本知识 , 花样滑冰 | |
| 电子资源: | ||
| ISBN: | 7-80702-248-5 | |
| 000 | 00860oam2 2200277 45 | |
| 001 | 012006042901 | |
| 005 | 20061225095720.25 | |
| 010 | @a7-80702-248-5@dCNY29.80 | |
| 092 | @aCN@b492771 | |
| 100 | @a20060429d2006 em y0chiy0120 ea | |
| 101 | 0 | @achi |
| 102 | @aCN@b220000 | |
| 105 | @ay z 000yy | |
| 200 | 1 | @a花样滑冰@Ahua yang hua bing@f赵雪峰主编@Fzhao xue feng zhu bian |
| 210 | @a长春@c吉林文史出版社@c吉林音像出版社@d2006 | |
| 215 | @a187页@d20m | |
| 225 | 2 | @a中外艺术精粹 |
| 330 | @a本书主要内容:花样滑冰概述;花样滑冰的学习;花样滑冰名人简介;花样滑冰比赛的有关规则等。 | |
| 461 | 0 | @12001 @a中外艺术精粹 |
| 606 | 0 | @a花样滑冰@x基本知识 |
| 606 | 0 | @a花样滑冰 |
| 690 | @aG862.2@v4 | |
| 701 | 0 | @a赵雪峰@9zhao xue feng@4主编 |
| 701 | 0 | @a赵雪峰@Azhao xue feng@4主编 |
| 801 | 0 | @aCN@bLZJBOOK@c20061225 |
| 905 | @a10447@dG862.2@e49 | |
| 花样滑冰/赵雪峰主编.-长春:吉林文史出版社:吉林音像出版社,2006 |
| 187页;20m.-(中外艺术精粹) |
| ISBN 7-80702-248-5:CNY29.80 |
| 本书主要内容:花样滑冰概述;花样滑冰的学习;花样滑冰名人简介;花样滑冰比赛的有关规则等。 |
| ● |
| 相关链接 |
|
|
|
|
正题名:花样滑冰
索取号:G862.2/49
 
预约/预借
| 序号 | 登录号 | 条形码 | 馆藏地/架位号 | 状态 | 备注 |
| 1 | 0561310 | 205613102 | 第一样本阅览室/ [索取号:G862.2/49] | 在馆 | |
| 2 | 0561311 | 205613111 | 第四借阅区/ [索取号:G862.2/49] | 在馆 | |
| 3 | 0561312 | 205613120 | 第四借阅区/ [索取号:G862.2/49] | 在馆 | |
| 4 | 0561313 | 205613139 | 第四借阅区/ [索取号:G862.2/49] | 在馆 | |
| 5 | 0561314 | 205613148 | 第四借阅区/ [索取号:G862.2/49] | 在馆 | |
| 6 | 0561315 | 205613157 | 第四借阅区/ [索取号:G862.2/49] | 在馆 | |
| 7 | 0561316 | 205613166 | 第四借阅区/ [索取号:G862.2/49] | 在馆 |